000 00859nam a22003017a 4500
001 BR3500023
003 BR-BrBNA
005 20230928082853.0
007 ta
008 230509b bl.||||| |||| 00| 0 por d
040 _aBR-BrBNA
_bpor
_cBiblioteca Nacional de Agricultura
041 _a(Por)
072 _aL00; L10; L30
_b5600
_b/G514
090 _ 5600 BR3500023
100 1 _aAmhof, A. (comp.)
245 1 _aO coelho [criacao, raca, reproducao animal, nutricao animal, Brasil]
260 3 _aCuritiba, PR (Brasil):
_c1935.
300 _a19 p.
500 _a(*) Documento disponível no(a) Biblioteca Publica do Parana, Curitiba (Brazil)
650 _aCOELHO
650 _aCRIACAO
650 _aRACA
650 _aMANEJO
650 _aREPRODUCAO ANIMAL
650 _aNUTRICAO ANIMAL
909 _a202309
_bLucia
_c55
_dLucia Elande
942 _cBK
999 _c10365
_d10365